Quizzes
Events
Quiz Creation
Community
Videos
Private Events
Remove Ads
Sign In
Join for FREE
Feedback
Dark Mode
Quiz Categories
Sports
Geography
Music
Movies
Television
Just For Fun
Miscellaneous
History
Literature
Language
Science
Gaming
Entertainment
Religion
Holiday
For Kids
Quiz Lab
Recent
Popular Today
Quiz Kudos Today
Editor Picks
Curator Picks
Quizzes by...
Day
Popularity
Type
Ratings
Length
Year
Community
Subscriptions
Recent Discussions
Orange Saloon
Badges
Playlists
Quests
Create
Leaderboards
Showdown
Live 5
Trivia Bingo
Activity
Puzzle Library
Sporcle Events
Private Events
Virtual Trivia
Globe League
Become a Host
Pub Owners
SporcleCon
Opinionation
Our Games
Videos
Blog
Mobile Apps
Partnerships
Remove Ads and Go Orange
Feedback
Geography
Country
Landmarks
City
State
Population
World
Capital
Continent
Flags
Europe
Africa
Asia
South America
North America
Oceania
Border
Canada
United Kingdom
Topography
United States
Geography
Country
Landmarks
City
State
Population
World
Capital
Continent
Flags
Europe
Africa
Asia
South America
North America
Oceania
Border
Canada
United Kingdom
Topography
United States
Random Quiz
Search Sporcle
×
Quiz Lab
Quiz Lab
Geography
Country
Type in answers that appear in a list
Type in answers that appear in a list
Classic
Best Score? Go Orange.
Countries that know MATH Stats
Can you name the countries with the highest mathematical literacy scores?
By
geo25
3m
27 Questions
2,200 Plays
2,200 Plays
2,200 Plays
Comments
Comments
Give Quiz Kudos
Give Quiz Kudos
-
- Ratings
hide this ad
Replay
Link that replays current quiz
Next Quiz
Link to next quiz in quiz playlist
You Got
0%
They Got
Avg Score
82%
Avg Friend Score
Upgrade to see
Score Distribution
Jump to the score distribution portion of the page
Score
0/27
Timer
03:00
0
Plays Today
Continent
Country
% Correct
Asia
Japan
96.9%
Americas
United States
96.5%
Europe
France
93.4%
Europe
Germany
92.5%
Europe
United Kingdom
91.5%
Oceania
Australia
91.3%
Americas
Canada
91.2%
Europe
Spain
90.2%
Europe
Italy
88.9%
Europe
Sweden
88.3%
Oceania
New Zealand
86.1%
Europe
Norway
85.2%
Asia
South Korea
85.1%
Europe
Finland
84.7%
Continent
Country
% Correct
Americas
Mexico
82%
Europe
Switzerland
81.5%
Europe
Portugal
80.3%
Europe
Denmark
80%
Europe
Poland
78.7%
Europe
Austria
77.3%
Europe
Belgium
76.3%
Europe
Greece
74.6%
Europe
Ireland
73.4%
Europe
Iceland
65.3%
Europe
Hungary
63.3%
Europe
Luxembourg
63.2%
Europe
Czech Republic
57.6%
Quiz Playlist
Details
Report
Send in Message
Add To Playlist
Classic:
Type in answers that appear in a list
Quiz Source
Last Updated: Feb 16, 2017
Quiz Scoreboard
CHALLENGE
Sign Up to Join the Scoreboard
Show All
Scores
Hide
Comments
May contain spoilers
Recently Published
College Basketball Coaching Resumes
by pancakes188
Sports
9m
Billboard Blitz: Fleetwood Mac
by CooCooCachoo
Music
15s
Presidents Visiting Landmarks
by Hejman
History
7m
More to Explore
Quiz From the Vault
Featured Blog Post
Where Did the Easter Bunny Come From?
hide this ad
You Might Also Like...
Tags
Continent Quiz
Country Quiz
Math Quiz
highest
Literacy
score
Today's Top Quizzes in Geography
Browse Geography
hide this ad
Today's Top Quizzes in Country
Browse Country
Top Contributed Quizzes in Geography
1
Countries of the World - No Outlines Minefield
2
Top 25 Cities of France on a map
3
Any capital of a 'B' country per Continent
4
Any capital of a 'C' country per Continent
5
Closest Countries to UK A-Z
6
Any capital of a 'D' country per Continent
7
5-to-1: US Geography No Hints
8
Any capital of an 'E' country per Continent
9
Click the Alabama Counties! (Map)
10
One Thing in Common: United Kingdom
Explore More
Trending Topics
Anime
Disney
Marvel
Crossword
Kpop
NBA
Harry Potter
WWE
NFL
Puzzle
Country
Soccer
Song
Pokémon
The Office
hide this ad
More By:
geo25
Quiz
Plays
Rating
Category
Featured
Created
The Great Gatsby
30,179
3.70
Literature
Jan 25, 2010
Unique States of America
9,484
2.92
Geography
Apr 12, 2010
Highly Armed Countries
7,577
4.42
Geography
May 25, 2010
FRENCH - Avoir et Être
5,602
2.25
Language
Jun 18, 2010
Countries that know MATH
2,200
3.78
Geography
May 6, 2010
Go to Creator's Profile
Score Distribution
Quiz Creator Spotlight
geo25
Follow
Send a Message
Quizzes Created
-
Created Quiz Play Count
-
More By This Creator
Popular Quizzes Today
1
Find the US States - No Outlines Minefield
2
Find the Countries of Europe - No Outlines Minefield
3
The Countries of the World
4
Find the US States
5
Risky Map Clicking: Biggest States A-Z
6
US States
7
Popular People in 1961
8
Movies - When Are They Set?
More Geography Quizzes
USA States by Any 2 Letters Blitz (no O)
Quiz Lab
Trending Quizzes
Risky Map Clicking: Least Populous States A-Z
1-10 Letter G Words
1-10 Letter F Words
Risky Map Clicking: Next State Alphabetically
Risky Map Clicking: Biggest States A-Z
Recently Updated
Leaping Animals
pecheneg
Reality TV Shows (A-Z)
bhenderson79
Rickey Henderson's Hall of Fame Teammates
pecheneg
Champions League XIs: Arsenal
pecheneg
Quick Pick: Celebrities in WWE's Hall of Fame
aduchscher
A-Z Keypad Blitz II
pecheneg
Multiple Oscar Actors
pecheneg
Mystery Phrase Blitz: Oscar 'Best Actors'
pecheneg
F. Scott Fitzgerald Novels
LTH
Pick 3 Villains
ddd62291
Trending Topics
NBA
Crossword
Disney
Marvel
Anime
Kpop
Harry Potter
Country
WWE
Soccer
NFL
Pokémon
Puzzle
The Office
Song
Your Account Isn't Verified!
In order to create a playlist on Sporcle, you need to verify the email address you used during registration. Go to your
Sporcle Settings
to finish the process.
Report this User
Report this user for behavior that violates our
Community Guidelines
.
Details:
Send Report
Go to the Sporcle.com Mobile Site →
Comments